| 000 | 00522nam a2200145 i 4500 | ||
|---|---|---|---|
| 001 | bg | ||
| 245 | 1 | 0 |
_aDzieje literatur europejskich. _n2. _nCz. 1, _pLiteratura niemieckiego obszaru jezykowego, literatura holenderska i flamandzka, literatura angielska, literatura amerykańska Stanów Zjednoczonych / _cpod red. W. Floryana. |
| 260 |
_aWarszawa, _c1982. |
||
| 700 | 1 |
_aFloryan, Władysław. _eRed. |
|
| 040 | _cBPK | ||
| 041 | _apol | ||
| 080 | _a820/899(091) | ||
| 942 | _cKS | ||
| 008 | s pl f |000 0 pol | ||
| 999 |
_c21091 _d21091 |
||
| 856 |
_uhttp://koha.tu.koszalin.pl/cgi-bin/koha/opac-detail.pl?biblionumber=21091 _yKatalog online BPK |
||